000 00891cam a22001814a 4500
005 20250605164343.0
008 250528s ||||||||||||||||||||||||d
035 _a23707
040 _aGR-AtMCL
_bgre
_dGR-AtMCL
_eAACR2
245 1 _aFair/ Unfair Treatment in the Workplace - Discrimination in the Workplace - Effects on the Employees Motivation
260 _c2008
300 _a46
520 _aAbstract, Acknowledgements, Introduction, Research Limitations, Literature Review, Inequalities Between Men and Women in the Workplace, Theories of Discrimination about Women and Men in the Organization, Methodology, Methodological Framework, Paradigms, Strategies, Data Requirements, Analysis and Results, Cross Tabulations, Reflections and Self Development, Appendixes, References, Bibliography.
700 1 _aPistela Ioanna
_99266
942 _cDS
999 _c8668
_d8668